[Event "Itzehoe op"]
[Site "Itzehoe"]
[Date "2025.05.29"]
[Round "2"]
[White "Walloschek, Christian"]
[Black "Doescher, Nayla"]
[Result "0-1"]
[WhiteElo "1718"]
[BlackElo "1496"]
[PlyCount "35"]
[EventDate "2025.05.29"]
[EventType "swiss"]
[EventRounds "7"]
[EventCountry "GER"]
[SourceTitle "CB23_2025"]
[SourceDate "2025.06.04"]
[SourceVersion "1"]
[SourceVersionDate "2025.06.04"]
[SourceQuality "1"]

1. e4 e5 2. Nc3 Nf6 3. f4 d6 4. Nf3 Nc6 5. Bb5 Bg4 6. h3 Bxf3 7. Qxf3 a6 8. Bxc6+ bxc6 9. 0-0 Be7 10. fxe5 dxe5 11. d3 Rb8 12. Qg3 0-0 13. Qxe5 Re8 14. Qf5 Bd6 15. Kh1 Be5 16. Bf4 Bxf4 17. Rxf4 Qd6 18. Re1 0-1

[Event "GER-ch U12 Girls"]
[Site "Willingen"]
[Date "2024.05.24"]
[Round "8"]
[White "Margaryan, Mane"]
[Black "Doescher, Nayla"]
[Result "1/2-1/2"]
[WhiteElo "1511"]
[BlackElo "1556"]
[PlyCount "40"]
[EventDate "2024.05.19"]
[EventType "swiss"]
[EventRounds "9"]
[EventCountry "GER"]
[SourceTitle "CBM 220 Extra"]
[Source "ChessBase"]
[SourceDate "2024.07.31"]
[SourceVersion "1"]
[SourceVersionDate "2024.07.31"]
[SourceQuality "1"]

1. d4 d5 2. c4 e6 3. Nc3 Nf6 4. Bg5 Nbd7 5. Nf3 c6 6. e3 Qa5 7. a3 Ne4 8. Qa4 Qxa4 9. Nxa4 dxc4 10. Nc3 Nxc3 11. bxc3 b5 12. Be2 Bd6 13. 0-0 0-0 14. Rfe1 h6 15. Bh4 c5 16. a4 bxa4 17. Bxc4 Nb6 18. Bb5 Bd7 19. Bxd7 Nxd7 20. Rxa4 Nb6 1/2-1/2

[Event "GER-ch U12 Girls"]
[Site "Willingen"]
[Date "2024.05.23"]
[Round "7"]
[White "Doescher, Nayla"]
[Black "Yang, Sophie"]
[Result "0-1"]
[WhiteElo "1556"]
[BlackElo "1542"]
[PlyCount "94"]
[EventDate "2024.05.19"]
[EventType "swiss"]
[EventRounds "9"]
[EventCountry "GER"]
[SourceTitle "CBM 220 Extra"]
[Source "ChessBase"]
[SourceDate "2024.07.31"]
[SourceVersion "1"]
[SourceVersionDate "2024.07.31"]
[SourceQuality "1"]

1. e4 e6 2. d4 d5 3. Bd3 Nf6 4. e5 Nfd7 5. Be3 c5 6. c3 Nc6 7. Ne2 cxd4 8. cxd4 Bb4+ 9. Nbc3 0-0 10. 0-0 f6 11. f4 fxe5 12. fxe5 Rxf1+ 13. Qxf1 Be7 14. Qf4 Nb4 15. Bb1 Qf8 16. Qxf8+ Bxf8 17. a3 Nc6 18. Bd3 Nb6 19. Rf1 Be7 20. Nf4 Bd7 21. g3 a6 22. Ng2 Na5 23. Rf2 Nac4 24. Bc1 h6 25. h4 Rf8 26. Rxf8+ Bxf8 27. Ne3 Na5 28. Ng2 Be7 29. Ne2 Nb3 30. Ngf4 Na4 31. Ng6 Bf8 32. Nxf8 Kxf8 33. Bc2 Nxc1 34. Nxc1 Nxb2 35. Kf2 Nc4 36. a4 Ke7 37. Kf3 b5 38. axb5 Bxb5 39. Nd3 Nd2+ 40. Ke3 Ne4 41. Kf4 g5+ 42. Kg4 Bxd3 43. Bxd3 Nf2+ 44. Kh5 Nxd3 45. Kxh6 gxh4 46. gxh4 Nxe5 47. h5 Nf7+ 0-1

[Event "GER-ch U12 Girls"]
[Site "Willingen"]
[Date "2024.05.21"]
[Round "4"]
[White "Doescher, Nayla"]
[Black "Hladeniuk, Yelyzaveta"]
[Result "1/2-1/2"]
[WhiteElo "1556"]
[BlackElo "1645"]
[PlyCount "77"]
[EventDate "2024.05.19"]
[EventType "swiss"]
[EventRounds "9"]
[EventCountry "GER"]
[SourceTitle "CBM 220 Extra"]
[Source "ChessBase"]
[SourceDate "2024.07.31"]
[SourceVersion "1"]
[SourceVersionDate "2024.07.31"]
[SourceQuality "1"]

1. e4 c6 2. d4 d5 3. e5 Bf5 4. g4 Be4 5. f3 Bg6 6. e6 fxe6 7. h4 Qd6 8. Ne2 e5 9. h5 Bf7 10. Nbc3 exd4 11. Qxd4 e5 12. Qd3 Nd7 13. Bd2 Nc5 14. Qe3 d4 15. Qf2 dxc3 16. Nxc3 Nf6 17. 0-0-0 a6 18. Be3 Qe7 19. Bg2 Nfd7 20. Rhe1 0-0-0 21. Re2 Ne6 22. f4 exf4 23. Bxf4 Qf6 24. Bg3 Qxf2 25. Rxf2 Bg8 26. Rfd2 Bb4 27. a3 Bxc3 28. bxc3 Ndc5 29. Rxd8+ Nxd8 30. h6 Bf7 31. hxg7 Rg8 32. g5 Rxg7 33. Bh4 Bg6 34. Bh3+ Nd7 35. Bg3 Be8 36. Bh4 Rg8 37. Kb2 Rg7 38. Kc1 Nf7 39. Re1 1/2-1/2

[Event "GER-ch U10 Girls"]
[Site "Willingen"]
[Date "2023.06.02"]
[Round "9"]
[White "Boerner, Martha"]
[Black "Doescher, Nayla"]
[Result "0-1"]
[WhiteElo "1086"]
[BlackElo "1111"]
[PlyCount "178"]
[EventDate "2023.05.27"]
[EventType "swiss"]
[EventRounds "11"]
[EventCountry "GER"]
[SourceTitle "CBM 214 Extra"]
[Source "ChessBase"]
[SourceDate "2023.07.31"]
[SourceVersion "1"]
[SourceVersionDate "2023.07.31"]
[SourceQuality "1"]

1. e4 e5 2. Nf3 Nc6 3. Bb5 Nf6 4. Nc3 Bb4 5. Bxc6 bxc6 6. Nxe5 Bxc3 7. dxc3 Qe7 8. Bf4 d6 9. Nf3 Qxe4+ 10. Be3 0-0 11. 0-0 Bg4 12. Kh1 Nd7 13. Ng5 Bxd1 14. Nxe4 Bxc2 15. Ng3 Rab8 16. b3 c5 17. c4 Rfe8 18. Rac1 Bg6 19. h3 Nf6 20. Ne2 Bd3 21. Rfe1 h6 22. Nf4 Bf5 23. Nd5 Nxd5 24. cxd5 Be4 25. Red1 Re5 26. Rd2 Rxd5 27. Rc4 Rxd2 28. Bxd2 Bb1 29. Rg4 Kf8 30. Ra4 Re8 31. Rxa7 Re2 32. Be3 Bxa2 33. Rxc7 Bxb3 34. Rc6 c4 35. Kg1 Re1+ 36. Kh2 Ke7 37. Bf4 Re6 38. Rc7+ Kf6 39. Rd7 c3 40. Bxd6 c2 41. Bf4 Rc6 42. Rd3 Be6 43. Bc1 Bf5 44. Rf3 Ke5 45. Re3+ Kd4 46. Re1 Re6 47. Bb2+ Kd3 48. Rc1 Kd2 49. Kg3 Re1 50. Rxe1 Kxe1 51. Kf4 Bg6 52. f3 Kd1 53. g4 c1Q+ 54. Bxc1 Kxc1 55. h4 h5 56. Kg5 hxg4 57. fxg4 Kd2 58. h5 Bh7 59. Kf4 Kd3 60. g5 g6 61. h6 Kd4 62. Kg4 Ke5 63. Kg3 Kf5 64. Kh4 Kf4 65. Kh3 Kxg5 66. Kg3 Kxh6 67. Kf4 f5 68. Kg3 Kh5 69. Kf4 Kh4 70. Kf3 Kh3 71. Kf4 Bg8 72. Kf3 g5 73. Kf2 Kh2 74. Kf3 f4 75. Kg4 Be6+ 76. Kf3 g4+ 77. Kxf4 g3 78. Ke5 g2 79. Kxe6 g1Q 80. Ke5 Qg6 81. Kf4 Qh5 82. Ke3 Qg4 83. Kf2 Qg3+ 84. Ke2 Qc3 85. Kf2 Qd3 86. Ke1 Qc2 87. Kf1 Kg3 88. Ke1 Kf3 89. Kf1 Qf2# 0-1

[Event "GER-ch U10 Girls"]
[Site "Willingen"]
[Date "2023.05.31"]
[Round "6"]
[White "Englert, Ann"]
[Black "Doescher, Nayla"]
[Result "1-0"]
[WhiteElo "1328"]
[BlackElo "1111"]
[PlyCount "37"]
[EventDate "2023.05.27"]
[EventType "swiss"]
[EventRounds "11"]
[EventCountry "GER"]
[SourceTitle "CBM 214 Extra"]
[Source "ChessBase"]
[SourceDate "2023.07.31"]
[SourceVersion "1"]
[SourceVersionDate "2023.07.31"]
[SourceQuality "1"]

1. d4 d5 2. c4 e6 3. Nc3 Nf6 4. cxd5 exd5 5. Bg5 Nbd7 6. e3 Be7 7. Bd3 c6 8. Nf3 0-0 9. 0-0 Re8 10. Ne5 Nf8 11. f4 g6 12. Bh6 Ne6 13. Qf3 Ng7 14. g4 Bd6 15. f5 Bxe5 16. dxe5 Rxe5 17. fxg6 fxg6 18. Qxf6 Re7 19. Bxg7 1-0

[Event "GER-ch U10 Girls"]
[Site "Willingen"]
[Date "2023.05.30"]
[Round "5"]
[White "Buntin, Amelia Bernadette"]
[Black "Doescher, Nayla"]
[Result "0-1"]
[WhiteElo "737"]
[BlackElo "1111"]
[PlyCount "66"]
[EventDate "2023.05.27"]
[EventType "swiss"]
[EventRounds "11"]
[EventCountry "GER"]
[SourceTitle "CBM 214 Extra"]
[Source "ChessBase"]
[SourceDate "2023.07.31"]
[SourceVersion "1"]
[SourceVersionDate "2023.07.31"]
[SourceQuality "1"]

1. e4 e5 2. Nf3 Nc6 3. Bc4 h6 4. d3 Nf6 5. Nc3 Bb4 6. Bd2 d6 7. Qe2 Bg4 8. h3 Bh5 9. Nd5 Bxd2+ 10. Qxd2 0-0 11. 0-0-0 a6 12. Nxf6+ Qxf6 13. g4 Bg6 14. Qe3 Nd4 15. g5 Qxf3 16. Rdg1 Qe2 17. Qd2 Qxd2+ 18. Kxd2 Nf3+ 19. Kc1 Nxg1 20. Rxg1 hxg5 21. Rxg5 Kh7 22. h4 f6 23. Rg4 Bh5 24. Rg3 g5 25. hxg5 fxg5 26. Rxg5 Kh6 27. Rg2 Rf6 28. Bd5 c6 29. Bb3 Raf8 30. Kb1 Rxf2 31. Rxf2 Rxf2 32. a3 Bd1 33. Kc1 Bg4 0-1

[Event "GER-ch U10 Girls"]
[Site "Willingen"]
[Date "2023.05.29"]
[Round "3"]
[White "Trush, Diana"]
[Black "Doescher, Nayla"]
[Result "1-0"]
[WhiteElo "1002"]
[BlackElo "1111"]
[PlyCount "61"]
[EventDate "2023.05.27"]
[EventType "swiss"]
[EventRounds "11"]
[EventCountry "GER"]
[SourceTitle "CBM 214 Extra"]
[Source "ChessBase"]
[SourceDate "2023.07.31"]
[SourceVersion "1"]
[SourceVersionDate "2023.07.31"]
[SourceQuality "1"]

1. e4 e5 2. Nf3 Nc6 3. Bc4 h6 4. c3 Nf6 5. 0-0 d6 6. h3 Nxe4 7. d3 Nf6 8. Re1 Be7 9. d4 e4 10. Nfd2 d5 11. Bb3 0-0 12. f3 Bf5 13. Qc2 Qd6 14. fxe4 dxe4 15. Nxe4 Nxe4 16. Rxe4 Bxe4 17. Qxe4 Rae8 18. Bc2 f5 19. Bb3+ Kh8 20. Qf3 Bf6 21. Bd2 a6 22. Qh5 f4 23. g3 fxg3 24. Bxh6 Re1+ 25. Kg2 Rg1+ 26. Kxg1 Bxd4+ 27. Be3+ Qh6 28. Qxh6+ gxh6 29. Bxd4+ Kh7 30. Bc5 Re8 31. Nd2 1-0